[Event "Barcelona Sant Marti op-B 24th"]
[Site "Barcelona"]
[Date "2024.07.13"]
[Round "1"]
[White "Shek, Daniel"]
[Black "Piantelli, Luca"]
[Result "1-0"]
[WhiteElo "1836"]
[BlackElo "1601"]
[PlyCount "93"]
[EventDate "2024.07.13"]
[EventType "swiss"]
[EventRounds "9"]
[EventCountry "ESP"]
[SourceTitle "EXT 2025"]
[Source "ChessBase"]
[SourceDate "2024.10.14"]
[SourceVersion "1"]
[SourceVersionDate "2024.10.14"]
[SourceQuality "1"]

1. c4 e5 2. Nc3 Nf6 3. Nf3 Nc6 4. e4 Bc5 5. Nxe5 Nxe5 6. d4 Bb4 7. dxe5 Nxe4 8. Qf3 Nxc3 9. bxc3 Bc5 10. Qg3 Kf8 11. Be2 d6 12. Bf4 h5 13. exd6 cxd6 14. Rd1 Qf6 15. Bxd6+ Bxd6 16. Qxd6+ Qxd6 17. Rxd6 Ke7 18. Rd4 Be6 19. 0-0 Rac8 20. f4 g6 21. Re1 Rc5 22. Bf3 Rd8 23. Bxb7 Rb8 24. Bd5 Rb2 25. Rde4 Rb6 26. Kf2 Kf6 27. Bxe6 fxe6 28. Ke3 Ra6 29. Kf3 Rac6 30. Re5 Rxc4 31. Ra5 Rxc3+ 32. Re3 Rxe3+ 33. Kxe3 a6 34. Ke4 Rc4+ 35. Ke3 Rc3+ 36. Kd4 Rc6 37. h3 h4 38. Ke4 Rc4+ 39. Kf3 Rc3+ 40. Kg4 Rg3+ 41. Kxh4 Rxg2 42. a4 Rg1 43. Rxa6 Kf5 44. Ra8 Kxf4 45. Rf8+ Ke4 46. a5 Kd5 47. a6 1-0